000 00513nam a2200181 i 4500
001 bgj
100 1 _aLAIDLAW, Brett
245 1 0 _aThree nights in the heart of the earth :
_ba novel /
_cBrett Laidlaw.
260 _aNew York :
_bW.W.Norton,
_cc. 1988.
300 _a255 pp ;
_c22 cm.
650 9 _aAmerican fiction
_y20th century
020 _a0393025101 (hbk, jacket)
040 _cBPK
041 0 _aeng
920 _a0-393-02510-1 (hbk, jacket)
942 _cKS
008 s uk f |000 0 eng
999 _c47283
_d47283
856 _uhttp://koha.tu.koszalin.pl/cgi-bin/koha/opac-detail.pl?biblionumber=47283
_yKatalog online BPK